राष्ट्रप्रेम के चुने हुए गीत जय हो/ (Record no. 202324)

MARC details
000 -LEADER
fixed length control field 00856nam a22002057a 4500
005 - DATE AND TIME OF LATEST TRANSACTION
control field 20240422150843.0
010 ## - LCCN (DPL NO)
LC control number HIN-127423
020 ## - INTERNATIONAL STANDARD BOOK NUMBER
Terms of availability 200.00
International Standard Book Number 9788188178950
035 ## - SYSTEM CONTROL NUMBER
System control number HN-99769
037 ## - SOURCE OF ACQUISITION
Source of stock number/acquisition DBAD
082 ## - DEWEY DECIMAL CLASSIFICATION NUMBER
Classification number 821
100 ## - MAIN ENTRY--PERSONAL NAME
Personal name अग्रवाल,बलराम
245 ## - TITLE STATEMENT
Title राष्ट्रप्रेम के चुने हुए गीत जय हो/
Statement of responsibility, etc बलराम अग्रवाल
260 ## - PUBLICATION, DISTRIBUTION, ETC. (IMPRINT)
Place of publication, distribution, etc दिल्ली
Name of publisher, distributor, etc प्रखर प्रकाशन
Date of publication, distribution, etc 2013
270 ## - ADDRESS
Address 1/11486 ए सुभाषपार्क एक्सटेंशन नवीन शाहदरा
City दिल्ली
Postal code 110032
300 ## - PHYSICAL DESCRIPTION
Extent 163पृ.
Dimensions 22 सेमी.(साजिल्द)
650 ## - SUBJECT ADDED ENTRY--TOPICAL TERM
Topical term or geographic name as entry element हिन्दी
700 ## - ADDED ENTRY--PERSONAL NAME
9 (RLIN) 64809
942 ## - ADDED ENTRY ELEMENTS (KOHA)
Source of classification or shelving scheme Dewey Decimal Classification
Item type Hindi Books
Classification part 821
Call number suffix अग्रवा
Holdings
Withdrawn status Lost status Not for loan Collection code Home library Current library Date acquired Source of acquisition Cost, normal purchase price Full call number Barcode Copy number Cost, replacement price Koha item type
      Non-fiction Ashok Vihar Ashok Vihar 22/04/2024 DBAD 200.00 821 अग्रवा HN-99769 1 200.00 Hindi Books

© Delhi Public Library
Hit Counter
free hit counter